[Event "Wch Blitz"]
[Site "Samarkand"]
[Date "2023.12.29"]
[Round "1"]
[White "Begmuratov, Khumoyun"]
[Black "Tabatabaei, Mohammad Amin"]
[Result "0-1"]
[WhiteElo "2371"]
[BlackElo "2692"]
[PlyCount "61"]
[EventDate "2023.12.29"]
[EventType "swiss (blitz)"]
[EventRounds "21"]
[EventCountry "UZB"]
[SourceTitle "CB01_2024"]
[SourceDate "2024.01.03"]
[SourceVersion "1"]
[SourceVersionDate "2024.01.03"]
[SourceQuality "1"]

1. e4 e5 2. Nf3 Nc6 3. Bb5 a6 4. Ba4 Nf6 5. d3 d6 6. c3 g6 7. 0-0 Bg7 8. Re1 0-0 9. Nbd2 h6 10. Nf1 b5 11. Bb3 Na5 12. Bc2 c5 13. Ng3 Nc6 14. d4 exd4 15. cxd4 Bg4 16. dxc5 dxc5 17. Be3 Qe7 18. h3 Rad8 19. Qe2 Be6 20. b3 Nb4 21. a3 Nxc2 22. Qxc2 c4 23. b4 Rc8 24. Rad1 a5 25. Nd4 axb4 26. axb4 Bd7 27. f4 h5 28. Bf2 h4 29. Nf1 Nh5 30. f5 Rcd8 31. e5 0-1

[Event "Wch Blitz"]
[Site "Samarkand"]
[Date "2023.12.29"]
[Round "8"]
[White "Riazantsev, Alexander"]
[Black "Tabatabaei, Mohammad Amin"]
[Result "1-0"]
[WhiteElo "2616"]
[BlackElo "2692"]
[PlyCount "63"]
[EventDate "2023.12.29"]
[EventType "swiss (blitz)"]
[EventRounds "21"]
[EventCountry "UZB"]
[SourceTitle "CB01_2024"]
[SourceDate "2024.01.03"]
[SourceVersion "1"]
[SourceVersionDate "2024.01.03"]
[SourceQuality "1"]

1. d4 d5 2. c4 c6 3. Nc3 Nf6 4. e3 e6 5. Bd3 Nbd7 6. b3 Bb4 7. Bb2 e5 8. Nge2 e4 9. Bc2 0-0 10. a3 Bd6 11. f3 exf3 12. gxf3 Qe7 13. Qd3 Re8 14. e4 dxc4 15. bxc4 c5 16. e5 Bxe5 17. Nd5 Qe6 18. dxe5 Nxe5 19. Nxf6+ Qxf6 20. Qxh7+ Kf8 21. 0-0-0 Qxf3 22. Nc3 Be6 23. Qh8+ Ke7 24. Qxg7 Nxc4 25. Qg5+ Kf8 26. Qh6+ Ke7 27. Rhe1 Nxb2 28. Rxe6+ fxe6 29. Qg7+ Qf7 30. Rd7+ Kxd7 31. Qxf7+ Re7 32. Qf4 1-0

[Event "Wch Blitz"]
[Site "Samarkand"]
[Date "2023.12.29"]
[Round "2"]
[White "Tabatabaei, Mohammad Amin"]
[Black "Duda, Jan Krzysztof"]
[Result "1/2-1/2"]
[WhiteElo "2692"]
[BlackElo "2732"]
[PlyCount "118"]
[EventDate "2023.12.29"]
[EventType "swiss (blitz)"]
[EventRounds "21"]
[EventCountry "UZB"]
[SourceTitle "CB01_2024"]
[SourceDate "2024.01.03"]
[SourceVersion "1"]
[SourceVersionDate "2024.01.03"]
[SourceQuality "1"]

1. e4 e5 2. Nf3 Nc6 3. Bc4 Bc5 4. d3 Nf6 5. 0-0 0-0 6. h3 h6 7. Re1 d6 8. c3 a5 9. Nbd2 Bb6 10. Nf1 Be6 11. Bb5 Ne7 12. Ng3 c6 13. Ba4 c5 14. Bb3 Qd7 15. a4 Nc6 16. Bc4 Bc7 17. Nh4 d5 18. exd5 Bxd5 19. Bb5 Rad8 20. Nhf5 Kh7 21. Ne3 Be6 22. Qf3 Nd5 23. Ne4 Qe7 24. Nxd5 Bxd5 25. Qf5+ Kg8 26. Be3 Bb6 27. Rad1 Be6 28. Qh5 f5 29. Bxc6 bxc6 30. Ng3 f4 31. Qxe5 fxe3 32. Rxe3 Rf6 33. Nh5 Re8 34. Nxf6+ Qxf6 35. Qd6 c4 36. d4 Bf7 37. Rxe8+ Bxe8 38. Qxf6 gxf6 39. Re1 Kf7 40. g4 Bc7 41. Kg2 Bd7 42. Kf3 Be6 43. Ke3 Kg6 44. f4 Bd5 45. Rf1 Bd6 46. Rg1 Kf7 47. h4 Be6 48. g5 hxg5 49. hxg5 f5 50. Rh1 Bf8 51. Rh7+ Bg7 52. Rh1 Bd5 53. Rh2 Kg8 54. Rh3 Be4 55. Rh2 Bf8 56. Kd2 Bd5 57. Ke3 Be4 58. Kd2 Bd5 59. Ke3 Be4 1/2-1/2

[Event "Wch Rapid"]
[Site "Samarkand"]
[Date "2023.12.27"]
[Round "8"]
[White "Tabatabaei, Mohammad Amin"]
[Black "Nasuta, Grzegorz"]
[Result "1-0"]
[WhiteElo "2692"]
[BlackElo "2579"]
[PlyCount "119"]
[EventDate "2023.12.26"]
[EventType "swiss (rapid)"]
[EventRounds "13"]
[EventCountry "UZB"]
[SourceTitle "CB01_2024"]
[SourceDate "2024.01.03"]
[SourceVersion "1"]
[SourceVersionDate "2024.01.03"]
[SourceQuality "1"]

1. e4 e5 2. Nf3 Nc6 3. Bc4 Nf6 4. d3 Bc5 5. c3 a6 6. Nbd2 Ba7 7. 0-0 d6 8. Re1 h6 9. Nf1 0-0 10. Ng3 Na5 11. Bb3 Nxb3 12. axb3 Re8 13. h3 Be6 14. d4 exd4 15. Nxd4 d5 16. e5 Ne4 17. Qf3 Nxg3 18. Qxg3 Kh8 19. b4 Qd7 20. Be3 Bf5 21. Nxf5 Qxf5 22. Bxa7 Rxa7 23. e6 b6 24. Re5 Qf6 25. exf7 Qxf7 26. Qf3 Rf8 27. Qxf7 Rxf7 28. Rxd5 Ra8 29. Kf1 Re7 30. Re1 Rxe1+ 31. Kxe1 a5 32. bxa5 bxa5 33. Rc5 Ra7 34. Kd2 Kg8 35. Kc2 a4 36. Kb1 Kf7 37. Rc6 Ke8 38. Ka2 Kd8 39. Ka3 Ra5 40. Rg6 Rf5 41. f3 Rf7 42. Kxa4 Kd7 43. b4 Kc8 44. c4 Kb7 45. c5 Ka7 46. h4 Kb7 47. h5 Ka7 48. Ka5 Kb7 49. b5 Ka7 50. g4 Kb7 51. f4 Rxf4 52. Rxg7 Rc4 53. c6+ Kb8 54. g5 hxg5 55. h6 Rh4 56. h7 g4 57. Rg8+ Ka7 58. h8Q Rxh8 59. Rxh8 g3 60. Rc8 1-0

[Event "Titled Tuesday intern op 19th Dec Early"]
[Site "Chess.com INT"]
[Date "2023.12.19"]
[Round "1"]
[White "Berezin, Viktor1"]
[Black "Tabatabaei, Mohammad Amin"]
[Result "0-1"]
[WhiteElo "2307"]
[BlackElo "2692"]
[PlyCount "44"]
[EventDate "2023.12.19"]
[EventType "swiss (blitz)"]
[EventRounds "11"]
[EventCountry "USA"]
[SourceTitle "CB52_2023"]
[SourceDate "2023.12.27"]
[SourceVersion "1"]
[SourceVersionDate "2023.12.27"]
[SourceQuality "1"]

1. Nf3 d5 2. c4 c6 3. d4 Nf6 4. Nc3 e6 5. e3 Nbd7 6. Bd3 dxc4 7. Bxc4 b5 8. Bd3 a6 9. Ne4 Bb7 10. 0-0 c5 11. Nxf6+ Qxf6 12. e4 cxd4 13. Bg5 Qg6 14. Re1 Bb4 15. Bd2 Bxd2 16. Qxd2 0-0 17. Nxd4 Ne5 18. Qe3 Rfd8 19. Kh1 Nxd3 20. Qxd3 e5 21. Rac1 Rxd4 22. Qe3 Rxe4 0-1

[Event "Titled Tuesday intern op 14th Nov Early"]
[Site "Chess.com INT"]
[Date "2023.11.14"]
[Round "2"]
[White "Tabatabaei, Mohammad Amin"]
[Black "Kiseleva, Simona"]
[Result "1-0"]
[WhiteElo "2694"]
[BlackElo "2174"]
[PlyCount "77"]
[EventDate "2023.11.14"]
[EventType "swiss (blitz)"]
[EventRounds "11"]
[EventCountry "USA"]
[SourceTitle "CB47_2023"]
[SourceDate "2023.11.22"]
[SourceVersion "1"]
[SourceVersionDate "2023.11.22"]
[SourceQuality "1"]

1. e4 d6 2. d4 g6 3. Nc3 Bg7 4. f4 a6 5. Nf3 e6 6. Bd3 Ne7 7. Qe2 Nd7 8. e5 d5 9. Nd1 c5 10. c3 b5 11. Be3 c4 12. Bc2 a5 13. Bd2 Nc6 14. Ne3 Nb6 15. g4 b4 16. f5 Bd7 17. h4 Qc7 18. h5 gxf5 19. gxf5 Bh6 20. Ng4 Bxd2+ 21. Qxd2 0-0-0 22. Nf6 exf5 23. Qf4 Ne7 24. Ng5 Be6 25. Ngxh7 Kb8 26. a3 bxc3 27. bxc3 Ka7 28. Kd2 Rb8 29. Rab1 Nd7 30. Nxd7 Bxd7 31. Nf6 Be6 32. h6 Rxb1 33. Rxb1 Qd8 34. h7 Qf8 35. Rg1 Ng6 36. Qg5 Qg7 37. Bxf5 Bxf5 38. Qxf5 Qh6+ 39. Kd1 1-0